000
00300nam a2200121 a 4500
005
20140513081057.0
008
071022s19uu xx 00 eng d
050
_a
VCD
_b
Wh551 2004
245
_a
What a world we share.
260
_a
Phils :
_b
Viva Video,
_c
2004.
440
_a
Barney :
999
_c
116592
_d
116592